| 000 | 01834nam a2200469 c 4500 | ||
|---|---|---|---|
| 001 | 22652 | ||
| 003 | ES-MaCES | ||
| 005 | 20141221122810.0 | ||
| 008 | 091124s2009 fr d t i000 | spa d | ||
| 020 | _a9789264067677 | ||
| 035 | _aCES20090012283m | ||
| 040 |
_aES-MaCES _bspa _cES-MaCES |
||
| 041 | 1 |
_afre _hspa |
|
| 245 | 0 | 3 |
_aLa mano invisible de China en América Latina _c[editado por] Javier Santiso ; [traducción, Alejandro Camacho y Ángel Alonso] |
| 260 |
_aParís _bCentro de Desarrollo de la Organización para la Cooperación y el Desarrollo Económicos _c[2009] |
||
| 300 |
_a175 p. _bgráf. bl. y n. _c23 cm |
||
| 490 | 1 | _aEstudios del Centro de Desarrollo | |
| 500 | _aPubl. también en inglés bajo el tít.: The visible hand of China in Latin America | ||
| 500 | _aV.a., como serie: Études du Centre de développement | ||
| 504 | _aBibliografía | ||
| 541 | _cCompra | ||
| 650 | 4 |
_arelaciones comerciales _927965 |
|
| 650 | 4 |
_abalanza comercial _927966 |
|
| 650 | 4 |
_avolumen del comercio internacional _927972 |
|
| 650 | 4 |
_avolumen de exportaciones _927982 |
|
| 650 | 4 |
_ainversiones extranjeras _928175 |
|
| 650 | 4 |
_aevaluación del impacto _930732 |
|
| 650 | 4 |
_aconsecuencias económicas _927082 |
|
| 650 | 4 |
_aChina _926909 |
|
| 650 | 4 |
_aAmérica Latina _926882 |
|
| 650 | 4 |
_a1990-2002 _931693 |
|
| 653 | 1 | 0 | _aComercio internacional |
| 700 | 1 |
_aSantiso, Javier _eed. lit. _923467 |
|
| 700 | 1 |
_aCamacho, Alejandro _etr. _98779 |
|
| 700 | 1 |
_aAlonso, Ángel _etr. _95986 |
|
| 710 | 2 |
_aOrganización de Cooperación y Desarrollo Económico _bCentro de Desarrollo _eed. _94695 |
|
| 740 | 4 | 2 | _aThe visible hand of China in Latin America |
| 830 | 0 |
_aEstudios del Centro de Desarrollo _934481 |
|
| 902 | _aLIB Libro | ||
| 942 |
_2CES _cBK _h0.0. |
||
| 999 |
_c22652 _d22652 |
||